Marketing Management : Indian Cases (Record no. 95517)
[ view plain ]
| 000 -LEADER | |
|---|---|
| fixed length control field | 00596nam a2200217Ia 4500 |
| 008 - FIXED-LENGTH DATA ELEMENTS--GENERAL INFORMATION | |
| fixed length control field | 230125s9999 xx 000 0 und d |
| 020 ## - INTERNATIONAL STANDARD BOOK NUMBER | |
| International Standard Book Number | 9789332587106 |
| 041 ## - LANGUAGE CODE | |
| Language code of text/sound track or separate title | eng |
| 082 ## - DEWEY DECIMAL CLASSIFICATION NUMBER | |
| Classification number | 658.8 |
| Item number | GUP |
| 100 ## - MAIN ENTRY--PERSONAL NAME | |
| Personal name | Gupta P |
| 9 (RLIN) | 117684 |
| 245 ## - TITLE STATEMENT | |
| Title | Marketing Management : Indian Cases |
| 250 ## - EDITION STATEMENT | |
| Edition statement | 1st Ed. |
| 260 ## - PUBLICATION, DISTRIBUTION, ETC. (IMPRINT) | |
| Date of publication, distribution, etc. | 2018 |
| Name of publisher, distributor, etc. | Pearson Education |
| Place of publication, distribution, etc. | Tamil Nadu |
| 300 ## - PHYSICAL DESCRIPTION | |
| Extent | 348p |
| 440 ## - SERIES STATEMENT/ADDED ENTRY--TITLE | |
| Volume/sequential designation | 1 |
| 500 ## - GENERAL NOTE | |
| Keywords | Marketing Management; |
| 650 ## - SUBJECT ADDED ENTRY--TOPICAL TERM | |
| Topical term or geographic name as entry element | Marketing Management |
| 700 ## - ADDED ENTRY--PERSONAL NAME | |
| Personal name | Gupta P; Aggarwal A; Majra H; Jacob I; Jain V & Narang R |
| 9 (RLIN) | 117685 |
| 906 ## - LOCAL DATA ELEMENT F, LDF (RLIN) | |
| b | 89.32 |
| Withdrawn status | Lost status | Damaged status | Not for loan | Home library | Current library | Date acquired | Vendor | Cost, normal purchase price | Bill number | Total Checkouts | Full call number | Barcode | Date last seen | Date last checked out | Cost, replacement price | Bill Date | Koha item type | Original Barcode |
|---|---|---|---|---|---|---|---|---|---|---|---|---|---|---|---|---|---|---|
| Smt. Hiraben Nanavati Institute of Management & Research for Women | Smt. Hiraben Nanavati Institute of Management & Research for Women | 10/12/2019 | Forward Books | 319.00 | 11140 | 1 | 658.8 GUP B18852 | HIMR-BK-18852 | 05/01/2026 | 30/12/2025 | 229.68 | 10/12/2019 | Books | B18852 | ||||
| Smt. Hiraben Nanavati Institute of Management & Research for Women | Smt. Hiraben Nanavati Institute of Management & Research for Women | 27/02/2020 | Forward Books | 11221 | 658.8 GUP B19930 | HIMR-BK-19930 | 25/01/2023 | 24/02/2020 | Books | B19930 | ||||||||
| Smt. Hiraben Nanavati Institute of Management & Research for Women | Smt. Hiraben Nanavati Institute of Management & Research for Women | 27/02/2020 | Forward Books | 11221 | 658.8 GUP B19931 | HIMR-BK-19931 | 25/01/2023 | 24/02/2020 | Books | B19931 | ||||||||
| Smt. Hiraben Nanavati Institute of Management & Research for Women | Smt. Hiraben Nanavati Institute of Management & Research for Women | 27/02/2020 | Forward Books | 11221 | 658.8 GUP B19932 | HIMR-BK-19932 | 25/01/2023 | 24/02/2020 | Books | B19932 | ||||||||
| Smt. Hiraben Nanavati Institute of Management & Research for Women | Smt. Hiraben Nanavati Institute of Management & Research for Women | 27/02/2020 | Forward Books | 11221 | 1 | 658.8 GUP B19933 | HIMR-BK-19933 | 27/10/2025 | 15/10/2025 | 24/02/2020 | Books | B19933 | ||||||
| Smt. Hiraben Nanavati Institute of Management & Research for Women | Smt. Hiraben Nanavati Institute of Management & Research for Women | 27/02/2020 | Forward Books | 11221 | 658.8 GUP B19934 | HIMR-BK-19934 | 25/01/2023 | 24/02/2020 | Books | B19934 |